| 000 | 00842nam a2200241Ia 4500 | ||
|---|---|---|---|
| 003 | OSt | ||
| 005 | 20221002055450.0 | ||
| 006 | a|||||r|||| 00| 0 | ||
| 007 | ta | ||
| 008 | 220930b |||||||| |||| 00| 0 hin d | ||
| 020 | _c700 | ||
| 024 | _a105658 | ||
| 037 |
_b12952, 18/03/2011, Kitab Ghar _cReference Collections |
||
| 040 |
_aCRL _cCRL _bhin |
||
| 041 |
_2hin _ahin |
||
| 082 | _aO152,3N292x, P3.1(RR) | ||
| 100 | _aअवस्थी, राजेन्द्र | ||
| 245 | 0 | _aसमग्र कहानियॉं | |
| 260 |
_aदिल्ली _b कादम्बरी प्रकाशन _c2003 |
||
| 490 | _vभाग 1 | ||
| 942 |
_hO152,3N292x, P3.1(RR) _cref _2CC |
||
| 999 |
_c927752 _d927752 |
||